00650nam a2200193Ia 4500001000700000008004100007035001500048041000800063084001900071245012100090260002600211300003600237650002600273650002500299650001700324650002100341650001100362710008300373002257221003s1991 xx 000 0 spa d aCENDO_3342 aspa aEM-00025-00020 0aActuación de la Inspección de Trabajo en materia de contratos, falta de afiliación y altas en Seguridad Social a[S.l. :bs.n.],c1991 a[4] h. : bil., tab. ;c 30 cm 0aINSPECCION DE TRABAJO aCUADROS ESTADISTICOS aCONTRATACION aSEGURIDAD SOCIAL aFRAUDE aESPAÑAbDirección General de la Inspección de Trabajo y Seguridad Social